Music Quiz

Random Music or Song Quiz
Score 0/182 Timer 08:00
5 Plays Today
Song Answer % Correct
Basket CaseI
97.9%
Boulevard of Broken DreamsI
97.9%
Boulevard of Broken DreamsI
97.9%
Boulevard of Broken DreamsI
97.9%
21 Gunsa
97.2%
Boulevard of Broken Dreamsa
97.2%
Good Riddance (Time of Your Life)a
97.1%
Good Riddance (Time of Your Life)a
97%
Good Riddance (Time of Your Life)a
97%
21 Gunsthe
96.9%
21 Gunsthe
96.9%
Good Riddance (Time of Your Life)the
96.9%
Basket Casethe
96.9%
Basket Casethe
96.9%
Boulevard of Broken Dreamsthe
96.9%
Wake Me Up When September EndsThe
96.9%
Good Riddance (Time of Your Life)the
96%
Good Riddance (Time of Your Life)the
95.6%
Good Riddance (Time of Your Life)you
95.4%
21 Gunsyou
95.3%
21 Gunsyou
95.3%
21 Gunsyou
95.3%
Good Riddance (Time of Your Life)you
95.3%
Basket Caseyou
95.3%
Basket Caseme
95%
Boulevard of Broken Dreamsme
95%
Wake Me Up When September Endsme
95%
Wake Me Up When September Endsme
95%
21 GunsDo
93%
Basket CaseDo
93%
Boulevard of Broken Dreamsto
93%
Good Riddance (Time of Your Life)to
93%
21 Gunsto
92.8%
Basket Caseto
92.8%
Basket Caseto
92.8%
Basket Caseto
92.8%
Wake Me Up When September Endsto
92.8%
21 Gunsand
92.5%
21 GunsAnd
92.5%
Basket Caseand
92.5%
Boulevard of Broken Dreamsand
92.5%
Wake Me Up When September Endsand
92.5%
Good Riddance (Time of Your Life)and
92.2%
Basket Casehave
92.1%
Boulevard of Broken Dreamshave
92.1%
21 Gunsit
91.6%
Basket Caseit.
91.6%
Boulevard of Broken Dreamsit
91.6%
Basket Caseone
91.5%
Boulevard of Broken Dreamsone
91.5%
21 Gunsknow
90.5%
Boulevard of Broken Dreamsknow
90.5%
Good Riddance (Time of Your Life)road.
90.4%
Good Riddance (Time of Your Life)time.
90.3%
Basket Casetime
90.1%
Boulevard of Broken Dreamsever
89.9%
Boulevard of Broken Dreamsroad—
89.8%
Good Riddance (Time of Your Life)Time
89.4%
21 GunsWhen
89.1%
Wake Me Up When September Endswhen
89.1%
Wake Me Up When September Endswhen
89.1%
Song Answer % Correct
Basket Caseno
88.8%
Boulevard of Broken Dreamswalk
88.6%
Boulevard of Broken Dreamswalk
88.6%
Good Riddance (Time of Your Life)in
87.6%
Good Riddance (Time of Your Life)go.
87.6%
Good Riddance (Time of Your Life)in
86.9%
21 Gunsin
86.9%
Boulevard of Broken Dreamsthat
86.4%
Boulevard of Broken Dreamsonly
86%
Basket Caseof
85.9%
Boulevard of Broken Dreamslonely
85.7%
Boulevard of Broken Dreamswhere
85.4%
Wake Me Up When September Endsup
85.2%
Wake Me Up When September Endsup
85.2%
21 Gunsit's
85%
Boulevard of Broken Dreamsit's
85%
Good Riddance (Time of Your Life)where
84.8%
Good Riddance (Time of Your Life)It's
84.4%
Wake Me Up When September EndsWake
84.1%
Wake Me Up When September EndsWake
84.1%
Wake Me Up When September EndsSeptember
84%
Wake Me Up When September EndsSeptember
84%
Wake Me Up When September Endsends.
83.8%
Wake Me Up When September Endsends.
83.8%
21 Gunsfor?
83.5%
21 Gunsfor?
83.5%
21 Gunsfor
83.5%
Good Riddance (Time of Your Life)of
83.4%
21 Gunsnot
83.4%
Boulevard of Broken Dreamsknown.
83.3%
Good Riddance (Time of Your Life)not
83.1%
Boulevard of Broken Dreamsalone.
83%
Boulevard of Broken DreamsDon't
82.7%
Boulevard of Broken Dreamsbut
82%
Good Riddance (Time of Your Life)but
81.6%
Good Riddance (Time of Your Life)don't
81.6%
Basket Caselisten
81.2%
Good Riddance (Time of Your Life)So
81%
Wake Me Up When September Endsso
80.7%
Basket Casewhine
79%
Boulevard of Broken Dreamsgoes,
78.8%
Basket Caseam
77.6%
Basket Caseall
76.8%
Basket Caseabout
76.7%
Basket Caseabout
76.7%
Basket Casethose
74.2%
Basket Caseeverything
73.7%
Basket Caseat
73.6%
Good Riddance (Time of Your Life)fork
73.5%
Good Riddance (Time of Your Life)stuck
72.6%
Basket Casenothing
72.6%
Good Riddance (Time of Your Life)Another
71.9%
Basket Casefools—
71.6%
Wake Me Up When September Endshas
71.2%
Wake Me Up When September Endshas
71.2%
Wake Me Up When September Endscome
71.2%
Wake Me Up When September Endscome
71.2%
Basket Caseonce?
71.1%
Basket Casedoubt
69.3%
Wake Me Up When September EndsSummer
69%
Good Riddance (Time of Your Life)point,
68.9%
Song Answer % Correct
Good Riddance (Time of Your Life)turning
68.5%
Good Riddance (Time of Your Life)by
68.5%
Basket Casemelodramatic
68.1%
21 Gunsyour
67.7%
21 Gunsyour
67.7%
Wake Me Up When September Endspass—
65.8%
Basket Casebone,
65.5%
Good Riddance (Time of Your Life)this
65.2%
Wake Me Up When September Endscan
65%
Wake Me Up When September Endsnever
64.9%
Good Riddance (Time of Your Life)directs
64.7%
Wake Me Up When September Endslast.
64.5%
Good Riddance (Time of Your Life)grabs
64%
Wake Me Up When September Endsgone
63.3%
Basket Caseneurotic
63.1%
Good Riddance (Time of Your Life)why.
63.1%
21 Gunsfighting
62.5%
Good Riddance (Time of Your Life)wrist,
62.4%
21 Gunsworth
61.7%
21 Gunsworth
61.7%
21 Gunswhat's
61.5%
21 Gunstake
60.2%
Wake Me Up When September Endsmy
60%
Wake Me Up When September Endspassed.
59.9%
Good Riddance (Time of Your Life)lesson
59.7%
Good Riddance (Time of Your Life)make
59.4%
Good Riddance (Time of Your Life)learned
59.3%
21 Gunsdying
58.9%
Good Riddance (Time of Your Life)best
58.9%
Good Riddance (Time of Your Life)ask
57.7%
Wake Me Up When September Endsinnocent
57.2%
Wake Me Up When September Endsfast.
56.4%
Good Riddance (Time of Your Life)question,
56.1%
Wake Me Up When September EndsLike
53.7%
21 GunsDoes
51.7%
21 GunsDoes
51.7%
Wake Me Up When September Endsyears
50.7%
21 Gunsfeel
49.8%
21 GunsYou're
49.6%
21 Gunsaway
49.1%
21 Gunsbreath
48%
Good Riddance (Time of Your Life)test,
46.8%
Wake Me Up When September Endsseven
46.8%
Boulevard of Broken Dreamshome
46.3%
21 Gunsyourself
46%
Wake Me Up When September Endsfather's
45.7%
21 Gunspain
45.4%
21 Gunsout
45.3%
21 Gunslook
44.8%
21 Gunssuffocating?
44.6%
21 Gunsruins...
43.5%
21 Gunsplace
43.3%
21 Gunshide?
42.1%
21 Gunsweigh
40.4%
21 Gunsheart
39.9%
21 Gunspride?
38.7%
21 Gunsinside?
36.7%
21 GunsDid
36.2%
21 Gunsbreak
35.2%
21 Gunssomeone
33.8%
Remove Ads.
Support Sporcle.
Get the best of Sporcle when you Go Orange. This ad-free experience offers more features, more stats, and more fun while also helping to support Sporcle. Thank you for becoming a member.

You're not logged in!

Compare scores with friends on all Sporcle quizzes.
OR
Log In

Show Comments

Extras

Top Quizzes Today


Score Distribution

Your Account Isn't Verified!

In order to create a playlist on Sporcle, you need to verify the email address you used during registration. Go to your Sporcle Settings to finish the process.

Report this User

Report this user for behavior that violates our Community Guidelines.

Details: